Statistics for Name the flags #8

Click here to take the quiz!

General Stats

  • This quiz has been taken 14 times
  • The average score is 11 of 15

Answer Stats

Answer% Correct
South Korea
100%
Ukraine
93%
Qatar
86%
St. Lucia
86%
Turkmenistan
86%
Vietnam
86%
Czech Republic
79%
Palau
79%
Angola
71%
Lesotho
64%
Antigua and Barbuda
57%
Bahamas
57%
Mongolia
57%
Ethiopia
50%
Central African Republic
43%

Score Distribution

Percentile by Number Answered

Percent of People with Each Score

Your Score History

You have not taken this quiz